00418nam a2200169Ia 4500003000400000008004100004040001600045082001300061100001800074245003600092260004200128300001100170650000900181650001300190650001300203650003200216GCL140319s9999 xx 000 0 eng d aGCL / cGCL04a759bJ H1 aJACOBUS, JOHN10aHENRI MATISSE / cJACOBUS, JOHN a[S.N] : bTHAMES AND HUDSON ، c1982 a128 PP04aARTS04aPAINTING04aPAINTERS04aMATISSE, HENRI, 1869 - 1954